Mládežnícky cestovný ruch na Slovensku - aplikácia poznatkov z rozvoja mládežníckeho cestovného ruchu v Austrálii diplomová práca

Na minha lista:
Detalhes bibliográficos
Autor principal: Hlinická, Zuzana
Autor Corporativo: Obchodná fakulta EU. Katedra služieb a cestovného ruchu - zrušené
Outros Autores: Plesník, Pavol, 1956-
Formato: Livro
Idioma:eslovaco
Publicado em: Bratislava 2010
Tags: Adicionar Tag
Sem tags, seja o primeiro a adicionar uma tag!

MARC

LEADER 00000nam$a2200000$$$4500
001 0118517
005 20240318122727.5
041 0 |a slo 
044 |a SK 
245 1 0 |a Mládežnícky cestovný ruch na Slovensku - aplikácia poznatkov z rozvoja mládežníckeho cestovného ruchu v Austrálii  |b diplomová práca  |c Zuzana Hlinická ; škol. Pavol Plesník 
264 1 |a Bratislava  |c 2010 
300 |a 74 s. 
100 1 |a Hlinická, Zuzana 
700 1 |a Plesník, Pavol, 1956- 
710 2 |a Obchodná fakulta EU. Katedra služieb a cestovného ruchu - zrušené